00433nam a2200193Ia 4500008004100000020001800041050001400059100001600073245001600089245002100105245001900126260001500145260001600160260000900176300001600185300002000201300001000221500000800231170918s9999 xx 000 0 und d a9780545391085 bB889 2012 aBruel, Nick aBad kitty : bmeets the baby / cby Nick Bruel. aNew York : bScholastic, c2011 a143 pages : billustrations ; c19cm. a720